000 00506nam a2200181Ia 4500
001 4009
005 20260306145724.0
008 260306t2017||||xx |||||||||||||| ||spa||
041 _aESP
082 _a306.43
_bI23
100 _aIbáñez-Martín, José Antonio,
_eAUT
245 0 _aHorizontes para los educadores :
_blas profesiones educativas y la promoción de la plenitud humana
260 _c2017
300 _a279 páginas :
_c24 cm.
650 _aGEN
654 _aCED
942 _cLIB
_dJUS
_fJUS
_2ddc
_n
999 _c4009
_d4009